Monarchist Flags of Former Monarchies - Statistics

General Stats
  • This quiz has been taken 1,200 times
    1,199 since last reset
  • The average score is 18 of 24
Answer Stats
Picture Answer % Correct
Italy (Savoy dynasty)
99%
China (Qing dynasty or Aisin Gioro)
96%
Mexico (Iturbide, single emperor)
93%
France (Bourbon dynasty)
91%
Germany (Hohenzollern dynasty)
90%
Brazil (Braganza dynasty)
88%
Greece (Glücksburg dynasty)
87%
Ethiopia (Solomonic dynasty)
86%
Hungary (Habsburg dynasty)
86%
Afghanistan (Barakzai dynasty)
83%
Iran (Pahlavi dynasty)
81%
Northern Germany (Hohenzollern dynasty in Prussia)
79%
Portugal (Braganza dynasty)
79%
Ireland (Hanoverian dynasty before annexation in 1801)
78%
Turkey (Ottoman dynasty) [Standard of the last Ottoman Caliph]
78%
Austria (Habsburg dynasty)
73%
United States (Hanoverian dynasty as colonies of Great Britain)
68%
Russia (Romanov dynasty) [Flag 1858-96]
63%
Egypt (Muhammad Ali dynasty)
53%
Iraq (Hashemite dynasty)
52%
Laos (Khun Lo dynasty)
50%
Mongolia (under Bogd Khan)
45%
Southern Italy (Bourbon dynasty in the Kingdom of the Two Sicilies)
31%
Vietnam (Nguyen dynasty) [2nd flag of the dynasty]
31%
No matching quizzes found
Score Distribution
Percent of People with Each Score
Percentile by Number Answered
Your Score History
You have not taken this quiz since the last reset